000 01195nam0a22003011 4500
001 v19\rc\1219204
005 20250618022817.0
035 _a(NLR Aleph) 004450709
090 _a4471804
_c4471804
100 _a20060306e18751875|||y0rusy50 ca
101 0 _arus
102 _aRU
105 _aa z |||||
200 1 _aРодословная таблица владетельных предков Российского императорского дома
210 _a[Санкт-Петербург]
_cтип. В.С. Балашева
_d[1875]
215 _aIV с., 1 л. табл.
_d24
300 _aВ конце текста авт. - П. фон-Гец
309 _aБез тит. л. и обл.
311 _aОтт. из журн. "Русская старина", т. 12. 1875 г.
488 0 _12001#$aРусская старина$v1875, т. 12
_tРусская старина
700 1 _7ca
_8rus
_aГец
_bП. П.
_f1793-1880
_gПетр Петрович
_9261157
_3RU\NLR\AUTH\770261213
801 0 _aRU
_bNLR
_gpsbo
801 1 _aRU
_bProSoft-M
_2rusmarc
852 _aNLR
_j18.276.1.399
942 _cBOOK
980 _aNB
980 _aGENEAL01